Stations de métro de Lyon (France) - Statistiques

Statistiques générales
  • Ce quiz a été pris 8 849 fois
  • Le résultat moyen est 33 sur 48
Statistiques - réponses
LIGNE A % Correct
BELLECOUR
95%
BELLECOUR
95%
GARE PART DIEU
91%
PERRACHE
91%
GARE DE VAISE
88%
HOTEL DE VILLE
88%
HOTEL DE VILLE
88%
GARE DE VÉNISSIEUX
84%
SAXE GAMBETTA
84%
SAXE GAMBETTA
84%
CHARPENNES
83%
CHARPENNES
83%
VIEUX LYON
83%
VIEUX LYON
83%
CROIX ROUSSE
79%
GUILLOTIÈRE
79%
CORDELIERS
77%
FOCH
72%
AMPÈRE VICTOR HUGO
71%
GARE D'OULLINS
71%
MASSÉNA
71%
FOURVIÈRE
70%
GORGE DE LOUP
70%
JEAN MACÉ
70%
STADE DE GERLAND
70%
GRANGE BLANCHE
68%
VAULX EN VELIN LA SOIE
66%
SANS SOUCI
65%
GARIBALDI
64%
CUIRE
63%
GRATTE CIEL
63%
BROTTEAUX
62%
MONPLAISIR LUMIÈRE
61%
VALMY
61%
RÉPUBLIQUE
58%
PLACE GUICHARD
57%
CROIX PAQUET
53%
PLACE JEAN JAURÈS
53%
LAURENT BONNEVAY
51%
DEBOURG
50%
MERMOZ PINEL
50%
PARILLY
50%
CUSSET
49%
SAINT JUST
49%
FLACHET
47%
LAENNEC
47%
HÉNON
41%
MINIMES THÉATRES ROMAINS
34%
Aucun quiz correspondant
Distribution des résultats
% des personnes avec chaque résultat
Percentile par nombre de réponses
Votre historique - résultats
Vous n’avez pas pris ce quiz